Statistics for Roman Numeral Vocabulary

Click here to take the quiz!

General Stats

  • This quiz has been taken 297 times
  • The average score is 9 of 18

Answer Stats

Hint#Answer% Correct
Self-resurrecting bird of myth9phoenIX
97%
South American country54boLIVia
89%
Solar or lunar event151eCLIpse
82%
Magical potion59eLIXir
77%
Hip region56peLVIs
64%
The West201oCCIdent
62%
Shakespearean protagonist1050haMLet
57%
Book supplement509appenDIX
54%
Sage words of guidance506aDVIce
54%
The art of preparing cocktails1009MIXology
54%
To energize or electrify91eXCIte
52%
A short, personal story400aneCDote
43%
Bitter salad green504enDIVe
37%
Highest point; pinnacle900aCMe
33%
To bypass or get around1005circuMVent
25%
Lecherous; salacious104lasCIVious
24%
Native fauna551wilDLIfe
24%
To restrain, as a criminal600hanDCuff
20%

Score Distribution

Percentile by Number Answered

Percent of People with Each Score

Your Score History

You have not taken this quiz